000
00501nam a2200181Ia 4500
008
090123s9999 xx 000 0 und d
082
_b
31605
100
_a
करंदिकर सुमा
245
_a
जिद्द
250
_a
1
260
_b
परचुरे प्रकाशन
_c
2000
300
_a
168
600
_a
करंदिकर सुमा
630
_a
जिद्द
700
_a
करंदिकर सुमा
730
_a
जिद्द
942
_c
BOOK
999
_c
69664
_d
69664